| 000 | 00911nam a2200229 i 4500 | ||
|---|---|---|---|
| 001 | 82613 | ||
| 003 | ES-MaACL | ||
| 005 | 20250827095307.0 | ||
| 007 | t| | ||
| 008 | 041111s1961 sp ||||1| spa d | ||
| 080 | _a351.713:336.215.2(46)"19" | ||
| 245 | 0 | 0 |
_aImpuesto industrial y tarifas de licencia fiscal _b: disposiciones concordadas, anotadas con la jurisprudencia del Tribunal Supremo / por Francisco Pan Montojo..., colaborando con la redacción de la Revista de los Tribunales. |
| 250 | _aNueva ed. | ||
| 260 |
_aMadrid : _bGóngora, _c[1961] |
||
| 300 |
_a944 p. ; _c16 cm. |
||
| 490 | 1 | _aBiblioteca de bolsillo. Códigos y leyes anotados | |
| 650 | 4 |
_aImpuesto industrial- _zEspaña. _9153889 |
|
| 700 | 1 |
_aPan Montojo, Francisco. _988741 |
|
| 830 | 0 | 0 |
_aBiblioteca de bolsillo. _pCódigos y leyes anotados _9182122 |
| 852 |
_aES-MaACL _jC-22690 _bR.50326 |
||
| 999 |
_c82613 _d82613 |
||